000 00950 a2200217 4500
001 39908
005 20260407155655.0
008 260407a1969 arg spa d
003 AR-UNSa-BCEJYS
040 _aAR-UNSa-BCEJYS
_bspa
_cAR-UNSa-BCEJYS
080 _a913
_xGeografía regional en general. Geografía del mundo antiguo
245 1 0 _aLa epidermis de la tierra
264 1 _aBarcelona :
_bLabor
_c1969
300 _a178 p.
_c20 cm.
505 _a1. Introducción - 2. La geomorfología y la elección de los emplazamientos urbanos e industriales - 3. Geomorfología y ordenación rural - 4. Geomorfología y ordenación rural - 5. Geomorfología y vías de comunicación - 6. Geomorfología e instalaciones hidráulicas - 7. Geomorfología y proscripción minera - 8. Conclusión
942 _cBK
590 _aniveau_biblio:m niveau_hierar:0
100 1 _aTricart, Jean
700 1 _aGutierrez, Fernando
700 1 _aCandel Vila, Rafael
999 _c3141
_d3141